| 000 | 00831nam a22001937a 4500 | ||
|---|---|---|---|
| 003 | OSt | ||
| 005 | 20191010113542.0 | ||
| 008 | 191010b xxu||||| |||| 00| 0 ara d | ||
| 040 | _aLB-BrCRDP | ||
| 082 | _a303.2 U54t | ||
| 110 | _aمكتب اليونسكو في بيروت واللجنة الوطنية اللبنانية لليونسكو | ||
| 245 | _aالتوعية على أهمية الحوار بين الثقافات : دليل توجيهي تربوي لمعلمي الصفوف الثانوية | ||
| 260 |
_aبيروت _bاللجنة الوطنية اللبنانية للتربية والعلم والثقافة - اليونسكو _c2008 |
||
| 300 |
_aص47 _cسم22 |
||
| 630 | _aالثقافات | ||
| 630 | _aالحوار | ||
| 700 | _aاعداد : ليلى رزق - مود اسطفان هاشم | ||
| 942 |
_2ddc _cBK |
||
| 999 |
_c23348 _d23348 |
||